Monto : (Record no. 139378)

MARC details
000 -LEADER
fixed length control field 00677nam a22001937a 4500
005 - DATE AND TIME OF LATEST TRANSACTION
control field 20170501103823.0
020 ## - INTERNATIONAL STANDARD BOOK NUMBER
International Standard Book Number 9788184001440
Terms of availability 250.00
035 ## - SYSTEM CONTROL NUMBER
System control number B-667554
037 ## - SOURCE OF ACQUISITION
Source of stock number/acquisition KBD/Ven
Stock number dpl
082 ## - DEWEY DECIMAL CLASSIFICATION NUMBER
Classification number S
100 ## - MAIN ENTRY--PERSONAL NAME
Personal name Chatterji, Bankim Chandra
245 ## - TITLE STATEMENT
Title Monto :
Statement of responsibility, etc translated by Aatish Taseer
Remainder of title selected short stories /
260 ## - PUBLICATION, DISTRIBUTION, ETC. (IMPRINT)
Place of publication, distribution, etc Gurgaon
Name of publisher, distributor, etc Penguin Random
Date of publication, distribution, etc 2012
270 ## - ADDRESS
Address 7th Floor, Infinity Tower C, DLF Cyber City,
City Gurgaon
Postal code 122002
300 ## - PHYSICAL DESCRIPTION
Extent 158p.
Dimensions 21cm(pbk)
700 ## - ADDED ENTRY--PERSONAL NAME
Personal name Taseer, Aatish
942 ## - ADDED ENTRY ELEMENTS (KOHA)
Source of classification or shelving scheme Dewey Decimal Classification
Item type English Books
Classification part S
Call number suffix CHA
Holdings
Withdrawn status Lost status Not for loan Collection code Home library Current library Date acquired Source of acquisition Cost, normal purchase price Full call number Barcode Copy number Cost, replacement price Koha item type
      Fiction Ashok Vihar Ashok Vihar 01/05/2017 BPPD/EN/2013-14/AV/16-17/355/15.2.2017/BL17/24.2.2017/ 17.3.2017 250.00 S CHA B-667554 1 250.00 English Books

© Delhi Public Library
Hit Counter
free hit counter